Normal view
MARC view
- TURNER, R. P
Entry Personal Name
001 - CONTROL NUMBER
- control field: 78354
003 - CONTROL NUMBER IDENTIFIER
- control field: NUST
005 - DATE AND TIME OF LATEST TRANSACTION
- control field: 20210628210149.0
008 - FIXED-LENGTH DATA ELEMENTS
- fixed length control field: 210628|| aca||aabn | a|a d
040 ## - CATALOGING SOURCE
- Original cataloging agency: NUST
- Transcribing agency: NUST
100 ## - HEADING--PERSONAL NAME
- Personal name: TURNER, R. P
670 ## - SOURCE DATA FOUND
- Source citation: Work cat.: (NUST): TURNER, R. P, ABC'S OF RESISTANCE AND RESISTOR, 1974
